1849 1240 1476 1412 1257 1866 1551 1991 1223 1192 1252 1914 1855 1146 1108 1299 1432 1806 1817 1942 1182 1893 1944 1517 1645 1168 1305 1591 1876 1206 1285 1942 1046 1625 1966 1938 1374 1881 1713 1485 1106 1254 1736 1572 1582 1595 1284 1585 1283 1194 1777 1396 1962 1469 1674 1031 1608 1191 1131 1955 1542 1582 1086 1157 1377 1619 1483 1304 1291 1118 1726 1745 1437 1677 1701 1282 1180 1069 1030 1637 1577 1560 1270 1505 1637 1527 1774 1697 1209 1779 1004 1152 1925 1452 1448 1362 1345 1084 1787 BCNSPRNW ULIB Ver.6.0+V

เปลี่ยนเป็นภาษาไทย

Change to English
 แสดงรายละเอียดบรรณานุกรม
  กลับหน้าหลัก

Brief Record : Get Marc (ISO 2709) : E-mail record : QR code < ปิดหน้าต่าง
LEADER : 00000nam 2200000uu 4500
001    13399124934
003     ULIB
008    020711s2548 th a 000 0 tha d
020    9789749906200
099    นว.ม111ส
100    คึกฤทธิ์ ปราโมช
245    สี่แผ่นดิน
260     ^bนานมีบุคส์,^c2548
945    ^p695^l0^i023619
รายการนี้ยังไม่มีแท็ก
คุณยังไม่ได้ล็อกอิน คุณสามารถมีกิจกรรมร่วมกับเว็บไซต์ได้ แต่ต้องล็อกอินก่อน ::
  ล็อกอิน

รายการสื่อสารสนเทศ

ลำดับที่ ประเภท เลขเรียก/บาร์โค้ด สถานที่ สถานะ
1. นวนิยาย
นวนิยาย
นว.ม111ส ฉ.1 
  Barcode: 023619
ห้องสมุดวิทยาเขตสวรรค์ประชารักษ์
►นวนิยาย
ถูกยืม กำหนดส่งวันที่ 6 มีนาคม 2567
  จอง

รายการใกล้เคียง
    ชื่อเรื่อง [สี่แผ่นดิน]

BibComment


ยังไม่เคยถูกคอมเมนท์

คอมเมนท์ทรัพยากรรายการนี้
  คอมเมนท์: สี่แผ่นดิน


 Copyright 2026. Bcnsprnw @Library